000 01076nam a22002897a 4500
001 9502
003 FISKH
005 20260115140418.0
008 260115b cb ||||| |||| 00| 0 eng d
020 _a0863132286
040 _aFISKH
_beng
_cFISKH
_dFISKH
050 _aPZ7
082 _a380.9
100 _aLangley, Andrew
_eAuthor
245 _aPost office :
_bBehind the scenes /
_cText: Andrew Langley ; photography: Chris Fairclough
260 _aLondon :
_bFranklin Watts ,
_c1985
300 _a30 pages :
_bphotographs ;
_c22 cm
505 _aR
520 _aA new series of books which give a guided tour around the private worlds of familiar places. The clear text and specially commissioned color photographs work to provide fascinating insights. Each book also contains cutaway artwork, facts and figures, a glossary and an index.
521 8 _a700
_bLexile estimate
521 8 _aR
_bRaz-Plus
650 _aCustomer
_vMail
650 _aPostcode
_vSorting office
700 _aFairclough, Chris
_ePhotographer
942 _2ddc
_cBK
_n0
999 _c9502
_d9502